Regioni dei Parchi Nazionali d'Italia - Statistics

Statistiche generali
  • Questo quiz è stato fatto 107 volte
  • Il punteggio medio è 15 su 25
Statistiche sulle risposte
Parco Nazionale Regione % Corretto
Cinque Terre Liguria
88%
Dolomiti Bellunesi Veneto
88%
Arcipelago Toscano Toscana
84%
Alta Murgia Puglia
82%
Gargano Puglia
79%
Aspromonte Calabria
78%
Arcipelago di La Maddalena Sardegna
78%
Golfo di Orosei e del Gennargentu Sardegna
76%
Appennino Lucano Val d'Agri Lagonegrese Basilicata
74%
Asinara Sardegna
74%
Appennino Tosco-Emiliano Emilia-Romagna Toscana
71%
Circeo Lazio
71%
Cilento, Vallo di Diano e Alburni Campania
69%
Isola di Pantelleria Sicilia
69%
Abruzzo, Lazio e Molise Abruzzo Lazio Molise
68%
Vesuvio Campania
59%
Sila Calabria
56%
Majella Abruzzo
43%
Gran Paradiso Piemonte Valle d'Aosta
40%
Pollino Basilicata Calabria
35%
Stelvio Lombardia Trentino-Alto Adige
31%
Foreste Casentinesi, Monte Falterona e Campigna Emilia-Romagna Toscana
26%
Monti Sibillini Marche Umbria
22%
Gran Sasso e Monti della Laga Abruzzo Lazio Marche
19%
Val Grande Piemonte
13%
Nessun quiz corrispondente trovato
Distribuzione punteggi
Percentuale di utenti per punteggio
Percentile per numero di risposta
I tuoi punteggi nel tempo
Non hai fatto questo quiz